| 000 | 00342nam a2200133 4500 | ||
|---|---|---|---|
| 999 |
_c9610 _d9610 |
||
| 003 | OSt | ||
| 005 | 20210705123511.0 | ||
| 008 | 210705b ||||| |||| 00| 0 eng d | ||
| 020 | _a9781940291994 | ||
| 082 |
_a724.6 _bGOR |
||
| 100 | _aGromark, Sten | ||
| 245 | _aAfter effects: theories and methodologies in architectural research | ||
| 942 | _2ddc | ||